El mar

Guardado en:
Autor Principal: Banville, John
Formato: Libro
Publicado: Barcelona : Anagrama, 2011
Series:Compactos ; 554
Materias:
Etiquetas: Agregar Etiqueta
Sin Etiquetas, Sea el primero en etiquetar este registro!
LEADER 00896nam a22002175a 4500
001 CEM.cems013738
005 20120806162600.0
008 130507s2011##################000#0#####d
003 CEMS
020 |a 9788433976567 
082 0 4 |a 891.623 
100 1 |a Banville, John 
245 1 0 |a El mar 
260 |a Barcelona :  |b Anagrama,  |c 2011 
300 |a 219 p. 
490 0 |a Compactos ; 554 
500 |a Título original: The seatraducción: Damián Alou 
505 0 |a Tras la reciente muerte de su esposa después de una larga enfermedad, el historiados de arte Max Morden se retira a escribir al pueblo costero en el que de niño veraneó junto a sus padres. Pretende huir así del profundo dolor por la reciente pérdida de la mujer amada, cuyo recuerdo le atormenta incesantemente 
653 |a Literatura irlandesa 
653 |a Novela 
859 |a CEMS  |b BIB. CEMS - 11 de abril  |h 891.623  |i B228  |p 26476.12  |t Ej.1